000
00352nam a2200145Ia 4500
008
231129s2005||||xx |||||||||||||| ||spa||
020
_a
958-8220-81-5
040
_b
spa
082
_a
615.892 W959a
100
_a
Wu Wie-Ping
245
0
_a
Acupuntura China
260
_c
2005
264
_a
Solar
942
_2
ddc
_c
BKS
999
_c
4518
_d
4518